History Quiz

Random History or Quote Quiz

That's What 'I' Said Quiz Stats

 Plays Quiz Updated Mar 27, 2016

Challenge
Share
Tweet
Embed
Score 0/15 Timer 06:00
0 Plays Today
% Correct
I did it for the health of the chickens.
96.3%
But the only one people ever want to talk about is that one with Bogart.
96.1%
By James Bond, a well-known ornithologist.
92.4%
They are the sacrifices any nation has to make to achieve law and order.
91.9%
I can only talk about being gay and being an actor.
91.8%
But remember their rights.
90.9%
A duck hears also.
90.3%
And were not subjected to any painful stimulus.
89.5%
% Correct
But I don't give a damn about democracy if I am worried about survival.
88.9%
In everything you remember.
88.9%
Could only proceed from the counsel and dominion of an intelligent and powerful being.
85.5%
Has ever been more effectual than all the appeals ever made to his conscience.
84.4%
If the hierarchic Church defines it thus.
81.9%
Is something you dreamt up after being drunk all night.
78.5%
To be a subject of ridicule.
77.9%

You're not logged in!

Compare scores with friends on all Sporcle quizzes.
OR
Log In

You Might Also Like...

Show Comments

Extras

Top Quizzes Today


Score Distribution

Your Account Isn't Verified!

In order to create a playlist on Sporcle, you need to verify the email address you used during registration. Go to your Sporcle Settings to finish the process.

Report this User

Report this user for behavior that violates our Community Guidelines.

Details: